Balanza de pagos y tipo de cambio / (Registro nro. 12138)

Detalles MARC
000 -LEADER
fixed length control field 01116nam a2200253Ia 4500
003 - CONTROL NUMBER IDENTIFIER
control field OSt
005 - DATE AND TIME OF LATEST TRANSACTION
control field 20210804122525.0
008 - FIXED-LENGTH DATA ELEMENTS--GENERAL INFORMATION
fixed length control field 210310s1972 sp ad gr 000 0 spa d
040 ## - CATALOGING SOURCE
Original cataloging agency CO-JCMR
Transcribing agency CO-JCMR
041 1# - LANGUAGE CODE
Language code of text/sound track or separate title spa
Language code of original ger
082 04 - DEWEY DECIMAL CLASSIFICATION NUMBER
Classification number 332.159 /
Item number S456b
Edition number 23
100 1# - MAIN ENTRY--PERSONAL NAME
Personal name Schneider, Erick,
Relator term autor
9 (RLIN) 27398
245 10 - TITLE STATEMENT
Title Balanza de pagos y tipo de cambio /
Statement of responsibility, etc. Erick Schneider ; traducción del alemán por Luis A. Martin Merino
260 ## - PUBLICATION, DISTRIBUTION, ETC.
Place of publication, distribution, etc. Madrid, España :
Name of publisher, distributor, etc. Aguilar,
Date of publication, distribution, etc. 1972.
300 ## - PHYSICAL DESCRIPTION
Extent 224 páginas :
Other physical details ilustraciones y gráficas en blanco y negro ;
Dimensions 21 cm.
490 0# - SERIES STATEMENT
Series statement Iniciación a la economía
504 ## - BIBLIOGRAPHY, ETC. NOTE
Bibliography, etc. note Bibliografía : páginas 211-216, e índice de autores y materias .
505 0# - FORMATTED CONTENTS NOTE
Formatted contents note Las transacciones económicas internacionales y su financiación. -- La balanza estadística de pagos. -- La balanza de pagos como mercado. -- Desequilibrio y ajuste de la balanza de pagos.
650 14 - SUBJECT ADDED ENTRY--TOPICAL TERM
Topical term or geographic name entry element Estadísticas de pagos.
9 (RLIN) 27400
650 24 - SUBJECT ADDED ENTRY--TOPICAL TERM
Topical term or geographic name entry element Balanza de pagos.
9 (RLIN) 2780
650 24 - SUBJECT ADDED ENTRY--TOPICAL TERM
Topical term or geographic name entry element Transacciones económicas
9 (RLIN) 39047
700 1# - ADDED ENTRY--PERSONAL NAME
Personal name Martin Merino, Luis A.,
Relator term traductor
9 (RLIN) 5103
942 ## - ADDED ENTRY ELEMENTS (KOHA)
Source of classification or shelving scheme Dewey Decimal Classification
Koha item type Books
Existencias
Withdrawn status Lost status Source of classification or shelving scheme Damaged status Not for loan Home library Current library Shelving location Date acquired Source of acquisition Full call number Barcode Date last seen Copy number Price effective from Koha item type
    Dewey Decimal Classification     Biblioteca Pública José María del Castillo y Rada Biblioteca Pública José María del Castillo y Rada General Stacks 04/15/2018 Donación 332.159 / S456b 430002463 05/16/2024 Ej.1 03/10/2021 Books